| 000 | 01250nam a22002297a 4500 | ||
|---|---|---|---|
| 999 |
_c61358 _d61358 |
||
| 003 | Ge_BSU | ||
| 005 | 20240222172008.0 | ||
| 008 | 240222s2018 ge ||||| |||| 00| 0 geo d | ||
| 020 | _a9789941441806 | ||
| 041 | _ageo | ||
| 080 | _a94(560) მ-42 | ||
| 100 |
_aმაჩიტიძე, ელისაბედ _921274 |
||
| 245 |
_aნარკვევები თურქეთის ისტორიიდან : _b[კრებული] / _cელისაბედ მაჩიტიძე; რედაქტორები: ელიზბარ ჯაველიძე, რევაზ გაჩეჩილაძე. |
||
| 264 |
_aთბილისი : _bკლიო, _c2018. |
||
| 300 |
_a226 გვ.; _b20 სმ. |
||
| 500 | _aრეზიუმე ინგლ. ენაზე. | ||
| 501 | _aბიბლიოგრ. სტატიების ბოლოს და ტექსტის შენიშვნებში. | ||
| 653 | _aთურქეთის ისტორია | ||
| 700 |
_aჯაველიძე, ელიზბარ _eრედაქტორი _917629 |
||
| 700 |
_aგაჩეჩილაძე, რევაზ _eრედაქტორი _96988 |
||
| 942 |
_2udc _cᲬᲘᲒᲜᲘ |
||